10 most populous countries of Africa in order - Statistics

General Stats
  • This quiz has been taken 37 times
  • The average score is 8 of 10
Answer Stats
Hint Answer % Correct
#3 Egypt
100%
#1 Nigeria
100%
#4 Democratic Republic of the Congo
97%
#2 Ethiopia
97%
#5 South Africa
88%
#6 Tanzania
84%
#7 Kenya
78%
#8 Uganda
59%
#9 Algeria
53%
#10 Sudan
47%
No matching quizzes found
Score Distribution
Percent of People with Each Score
Percentile by Number Answered
Your Score History
You have not taken this quiz